00349nam a2200133Ia 4500008004100000020001500041050002000056245004100076260002700117300001100144650001300155980003000168999001700198151021s9999 xx 000 0 und d a9966497676 aPl8704 .Z 2011  a_Kipimo cha mizani Zainab W.Burhani  aNairobi Longhorn 2011  a234p.  a_Mizani  a^d20130806 10:56:18^oanne c14333d14333